000 00972cab a2200253 4500
001 X3810
008 090401t1996 xxu||||| |||| 00| 0 eng d
035 _a(Sirsi) u33032
041 _aeng
100 _aKnowles, R.
245 _aDeletion of arbitration clause loses contractor entitlements
260 _c1996
350 _a0
490 _aCSM (Chartered Surveyor Monthly)
_v6(2) October 1996, 38-39(2)
520 _aReports on three cases in which the dangers of altering standard contracts are evident.
650 _aARBITRATION CLAUSES
650 _aBALFOUR BEATTY CIVIL ENGINEERING LTD V DOCKLANDS LIGHT RAILWAY LTD
650 _aCONTRACT AMENDMENTS
650 _aJOHN BARKER CONSTRUCTION LTD V LONDON PORTMAN HOTEL
650 _aNORTHERN REGIONAL HEALTH AUTHORITY V DEREK CROUCH CONSTRUCTION LTD
690 _aMANAGEMENT-DISPUTE AVOIDANCE, MANAGEMENT AND RESOLUTION-DISPUTE MANAGEMENT AND RESOLUTION-ARBITRATION
942 _n0
948 _c04/03/1997
999 _c22075
_d22075